Lauréats du Prix de l'Humour politique. - Statistiques

Statistiques générales
  • Ce quiz a été pris 15 fois
  • Le résultat moyen est 6 sur 27
Statistiques - réponses
Hint Réponse % Correct
"En 1974, les Français voulaient un jeune : ils ont eu Giscard. En 1995, ils voudront un vieux : ils auront Giscard". Premier prix 1990 Philippe Séguin
46%
"Avec Delors, les socialistes passent de Léon Blum à Léon XIII". Premier prix 1995 Philippe Séguin
46%
"Quand le moment est venu, l'heure est arrivée". Prix de logique 1988 Raymond Barre
46%
"La meilleure façon de résoudre le chômage, c'est de travailler". Pas de prix 1997 Raymond Barre
46%
"François Mitterrand est le spécialiste du piège à consensus". Prix d'excellence 1988 Alain Juppé
38%
"Saint Louis rendait la justice sous un chêne. Pierre Arpaillange la rend comme un gland". Prix 1889 André Santini
38%
"Mgr Decourtray n'a rien compris au préservatif. La preuve, il le met à l'index". Prix du récidiviste 1990 André Santini
38%
"Alain Juppé voulait un gouvernement ramassé, il n'est pas loin de l'avoir". Prix d'Excellence 1996 André Santini
38%
"Je me demande si l'on n'en a pas trop fait pour les obsèques de François Mitterrand. Je ne me souviens pas qu'on en ait fait autant pour Giscard.". Accessit 1996 André Santini
38%
"Il est plus facile de céder son siège à une femme dans l'autobus qu'à l'Assemblée nationale". Pas de prix 1997 Laurent Fabius
38%
"La droite et la gauche, ce n'est pas la même chose". Prix de sciences naturelles 1988 Pierre Mauroy
38%
"Le mur de Berlin s'écroule. Un mort : Jacques Delors". Troisième prix ex-aequo 1990 Jean-Pierre Chevènement
31%
"Les assises, c'est un peu dur pour le PS, la correctionnelle aurait suffi". Première place 1994 Jean-Pierre Chevènement
31%
(À Benazir Bhutto) "Votre peuple a eu l'intelligence de vous élire deux fois". Deuxième prix 1995 Valéry Giscard d'Estaing
31%
"Mes détracteurs ont commencé à s'opposer aux charters. La police de l'air a négocié avec la SNCF, on a parlé de train de la honte. Si on décidait d'utiliser les bateaux, on évoquerait l'« Exodus ». Il ne nous reste donc, en réalité, que l'autobus ou le vélo". Deuxième place 1994 Charles Pasqua
23%
(À propos du Parti populaire pour la démocratie française (PPDF), devenu la Convention démocrate) "Ce n'est pas parce que nous sommes un parti charnière qu'il faut nous prendre pour des gonds". Pas de prix 1997 Hervé de Charette
23%
"En 1989, sur cinquante-deux évadés, on en a repris cinquante-trois". Troisième prix ex-aequo 1990 Pierre Arpaillange
23%
"Même en avion, nous serons tous dans le même bateau". Prix de bonne conduite 1988 Jacques Toubon
8%
"J'ai été avocat pendant 28 ans et Garde des Sceaux pendant 28 jours. Si je suis le seul ministre de la Justice à ne pas avoir commis d'erreur, c'est parce que je n'ai pas eu le temps". Pas de prix 1998 Michel Crépeau
8%
"On était dans un appartement avec une fuite de gaz. Chirac a craqué une allumette pour y voir clair". Pas de prix 1998 Patrick Devedjian
8%
"La contraception doit avoir ses règles". Pas de prix 1998 Bernard Kouchner
0%
"Voici que s'avance l'immobilisme et nous ne savons pas comment l'arrêter". Prix du souvenir 1988 Edgar Faure
0%
(À propos d'un incident de la campagne présidentielle d'Édouard Balladur) "Je ne suis pas sûr qu'on prenne de la hauteur en montant sur une table". Troisième prix 1995 François Baroin
0%
"Le plan sécheresse n'est pas un arrosage". Deuxième prix 1990 Henri Nallet
0%
"Les socialistes aiment tellement les pauvres qu'ils en fabriquent". Premier prix 1993 Jacques Godfrain
0%
"[Je suis un] "Breton d'après la marée noire". Premier prix 1992 Kofi Yamgname
0%
"Mon mari était jusqu'à présent chômeur, mais je suis en train de changer de mari" Pas de prix 1998 Marie-Noëlle Lienemann
0%
Aucun quiz correspondant
Distribution des résultats
% des personnes avec chaque résultat
Percentile par nombre de réponses
Votre historique - résultats
Vous n’avez pas pris ce quiz